Philosophie de l'esprit (Registro nro. 141838)
[ vista simple ]
| 000 -LEADER | |
|---|---|
| campo de control de longitud fija | 00461nam a2200157 i 4500 |
| 001 - NÚMERO DE CONTROL | |
| campo de control | 141838 |
| 003 - IDENTIFICADOR DE NÚMERO DE CONTROL | |
| campo de control | ES-MaACL |
| 005 - FECHA Y HORA DE LA ÚLTIMA TRANSACCIÓN | |
| campo de control | 20230906200359.0 |
| 007 - CAMPO FIJO DE DESCRIPCIÓN FÍSICA--INFORMACIÓN GENERAL | |
| campo de control de longitud fija | t| |
| 008 - DATOS DE LONGITUD FIJA--INFORMACIÓN GENERAL | |
| campo de control de longitud fija | 070928s1938 fr ||||1| fre d |
| 100 1# - ENTRADA PRINCIPAL--NOMBRE DE PERSONA | |
| Nombre de persona | Wahl, Jean. |
| 9 (RLIN) | 115862 |
| 245 10 - MENCIÓN DEL TÍTULO | |
| Título | Philosophie de l'esprit |
| Resto del título | : etudes kierkegaardiennes / |
| Mención de responsabilidad, etc. | par Jean Wahl. |
| 260 ## - PUBLICACIÓN, DISTRIBUCIÓN, ETC. | |
| Lugar de publicación, distribución, etc. | Paris : |
| Nombre del editor, distribuidor, etc. | [s.n.], |
| Fecha de publicación, distribución, etc. | 1938 ( |
| Fabricante | Imp. Aufrui et fils) |
| 300 ## - DESCRIPCIÓN FÍSICA | |
| Extensión | 774 p. ; |
| Dimensiones | 23 cm. |
| 852 ## - LOCALIZACIÓN | |
| Ubicación | ES-MaACL |
| Número de control de estantería | F-15212 |
| Sublocalización o colección | R.18820 |
| Estatus retirado | Estado de pérdida | Estado de daño | No para préstamo | Biblioteca de origen | Biblioteca actual | Ubicación en estantería | Fecha de adquisición | Fuente de adquisición | Total de préstamos | Signatura topográfica completa | Código de barras | Visto por última vez | Precio de reemplazo | Tipo de ítem Koha |
|---|---|---|---|---|---|---|---|---|---|---|---|---|---|---|
| Biblioteca del Ateneo de Madrid | Biblioteca del Ateneo de Madrid | Sala Pecera Planta 2 | 17/01/2008 | F-15212 | 1147585 | 23/02/2023 | 23/02/2023 | Libro impreso |
